| 000 | 00847nam a2200229Ii 4500 | ||
|---|---|---|---|
| 003 | JO-AjNU | ||
| 008 | 230605s9999||||xx |||||||||||||| ||und|| | ||
| 017 | _a2000/13759 | ||
| 020 | _a977-01-6902-1 | ||
| 040 |
_aJO-AjNU _bara _erda _cJO-AjNU |
||
| 041 | _aara | ||
| 050 | 1 | 4 | _aPJ7538.A7622 2000 |
| 100 | 3 |
_aالعقاد، عباس محمود ؛ إبراهيم عبد القادر المازني ؛ تقديم ماهر شفيق فريد, _eauthor _920695 |
|
| 245 | 0 | 0 | _aالديوان في الأدب والنقد |
| 264 | 3 | 1 | _aالقاهرة:مكتبة الأسرة،2000 ؛ مهرجان القراءة للجميع 2000 |
| 300 | _a266ص | ||
| 336 |
_atext _btxt _2rdacontent |
||
| 337 |
_aunmediated _bn _2rdamedia |
||
| 338 |
_avolume _bnc _2rdacarrier |
||
| 490 | 0 | _aالروائع | |
| 650 | 4 |
_aالادب العربي - نقد _920696 |
|
| 999 |
_aA7063 _c10631 _d10631 |
||